000 00513 a2200133 4500
020 _a7506242621
022 _a7506242621
082 _a537.6
090 _c1460
_d1460
100 _aLandau, L. D.
245 _aElectrodynamics of Continuous Media Second Edition
_bCourse of Theoretical Physics Volume 8
_cL. D. Landau, E. M. Lifshitz and L. P. Pitaevskii
942 _aSNS
_cBK
_k537.6 LAN
999 _c30071
_d30071